Objektově orientované programování /

Hlavní autor: Kokeš, Josef, 1952-
Korporativní autor: České vysoké učení technické v Praze. Strojní fakulta
Jazyk: Čeština
Vydáno: Praha : Vydavatelství ČVUT, 2004
Vydání: Vyd. 1.
Témata:
Externí odkaz: Digitalizovaný dokument
Fyzický popis: 233 s. : il. ; 30 cm
Knihy
Uloženo v:
LEADER 01647nam a2200385 a 4500
001 000750129
003 CZ BrMZK
005 20050303082513.0
007 ta
008 041115s2004 xr a erp 001 0 cze d
015 |a cnb001488740 
020 |a 80-01-03083-0  |q (brož.) :  |c Kč 120,00 
035 |a (OCoLC)85123526 
040 |a BOA001  |b cze 
072 7 |a 004.4/.6  |x Programování. Software  |2 Konspekt  |9 23 
072 7 |a 37.016  |x Učební osnovy. Vyučovací předměty. Učebnice  |2 Konspekt  |9 22 
080 |a 004.42.045  |2 MRF 
080 |a (075.8)  |2 MRF 
100 1 |a Kokeš, Josef,  |d 1952-  |7 mzk2004258624  |4 aut 
245 1 0 |a Objektově orientované programování /  |c Josef Kokeš 
250 |a Vyd. 1. 
260 |a Praha :  |b Vydavatelství ČVUT,  |c 2004 
300 |a 233 s. :  |b il. ;  |c 30 cm 
500 |a 100 výt. 
504 |a Obsahuje bibliografii a rejstřík 
550 |a Vydavatel: České vysoké učení technické v Praze. Fakulta strojní 
500 |a Dostupné též v digitální podobě v aplikaci Kramerius 
650 0 7 |a objektově orientované programování  |7 ph115529  |2 czenas 
655 7 |a učebnice vysokých škol  |7 fd133772  |2 czenas 
710 2 |a České vysoké učení technické v Praze.  |b Strojní fakulta  |7 ko20010093670 
856 4 1 |u http://www.digitalniknihovna.cz/mzk/uuid/uuid:9aa3ec30-e9d8-11e5-bdc9-005056827e52  |y Digitalizovaný dokument  |x NDK 
910 |a BOA001  |b 3-1143.160 
990 |a BK 
996 6 |b 2610233110  |c 3-1143.160  |l MZK  |r Sklad / do 1 hodiny  |n 0  |p p.v.  |w 000750129  |u 000010  |a 1  |e BOA001  |j MZK50  |s P 
996 7 |b 2610243086  |c 3-1143.160  |l MZK  |r Sklad / do 1 hodiny  |n 15  |p kup  |w 000750129  |u 000020  |a 1  |e BOA001  |j MZK50  |s A